Quizzes
Events
Quiz Creation
Community
Videos
Private Events
Remove Ads
Sign In
Join for FREE
Feedback
Dark Mode
Quiz Categories
Sports
Geography
Music
Movies
Television
Just For Fun
Miscellaneous
History
Literature
Language
Science
Gaming
Entertainment
Religion
Holiday
For Kids
Quiz Lab
Recent
Popular Today
Quiz Kudos Today
Editor Picks
Curator Picks
Quizzes by...
Day
Popularity
Type
Ratings
Length
Year
Community
Subscriptions
Recent Discussions
Orange Saloon
Badges
Playlists
Quests
Create
Leaderboards
Showdown
Live 5
Trivia Bingo
Activity
Puzzle Library
Sporcle Events
Private Events
Virtual Trivia
Globe League
Become a Host
Pub Owners
SporcleCon
Opinionation
Our Games
Videos
Blog
Mobile Apps
Partnerships
Remove Ads and Go Orange
Feedback
Television
TV Characters
TV Show
Sitcom
Network
Friends
Reality Shows
Cast
South Park
Star Trek
The Simpsons
Doctor Who
Television
TV Characters
TV Show
Sitcom
Network
Friends
Reality Shows
Cast
South Park
Star Trek
The Simpsons
Doctor Who
Random Quiz
Search Sporcle
×
Quiz Lab
Quiz Lab
Television
Show
Type in answers that appear in a list
Type in answers that appear in a list
Classic
Best Score? Go Orange.
Regular show quiz Stats
Can you name the regular show ultimate test questions?
By
onionodor347
8m
14 Questions
168 Plays
168 Plays
168 Plays
Comments
Comments
Give Quiz Kudos
Give Quiz Kudos
-
- Ratings
hide this ad
Replay
Link that replays current quiz
Next Quiz
Link to next quiz in quiz playlist
You Got
0%
They Got
Avg Score
31%
Avg Friend Score
Upgrade to see
Score Distribution
Jump to the score distribution portion of the page
Score
0/14
Timer
08:00
0
Plays Today
% Correct
Rigby
92.2%
Mordecai
81.4%
Benson
77.8%
skips
74.9%
Skips
74.9%
my mom
8.4%
Death
8.4%
% Correct
high 5 ghost
7.2%
no
5.4%
4.8%
lovin' in the summertime
1.8%
take a nap
1.8%
on the roof
1.8%
the hammer
1.2%
Quiz Playlist
Details
Report
Send in Message
Add To Playlist
Classic:
Type in answers that appear in a list
Last Updated: Feb 16, 2017
Quiz Scoreboard
CHALLENGE
Sign Up to Join the Scoreboard
Show All
Scores
Hide
Comments
May contain spoilers
Recently Published
Pick 6: Fruits
by JohnFran
Miscellaneous
15s
Click the 1999 NBA Draft
by nibperrychub
Sports
2m
Alphabetical 'K' Countries by Flag Minefield
by ylime102
Geography
3m
More to Explore
Quiz From the Vault
Featured Blog Post
15 Basketball Trivia Facts You Can Be March Mad About
hide this ad
You Might Also Like...
Tags
Show Quiz
regular
test
ultimate
Today's Top Quizzes in Television
Browse Television
hide this ad
Today's Top Quizzes in Show
Browse Show
Top Contributed Quizzes in Television
1
Hidden Simpsons Character
2
First Name TV: Leading Men
3
Hidden Simpsons Character XXIV
4
First Name TV: Leading Women Drama
5
Pick A Pair: Religious TV
6
Hidden Simpsons Character XXV
7
Hidden Simpsons Character XXVI
8
Demon Slayer Impossible Quiz
9
Hidden Simpsons Character II
10
One Piece Logic Puzzle
Explore More
Trending Topics
Kpop
Marvel
NBA
Disney
Crossword
Harry Potter
Anime
Country
The Office
NFL
Soccer
Puzzle
Song
Pokémon
WWE
hide this ad
More By:
onionodor347
Quiz
Plays
Rating
Category
Featured
Created
Finish The Manga Title
558
2.17
Just For Fun
Oct 1, 2011
Bowling For Soup Lyrics..........?
471
2.00
Music
Sep 11, 2011
regular show quiz
168
1.00
Television
Sep 10, 2011
Go to Creator's Profile
Score Distribution
Quiz Creator Spotlight
onionodor347
Follow
Send a Message
Quizzes Created
-
Created Quiz Play Count
-
More By This Creator
Popular Quizzes Today
1
Countries of Asia Without Outlines Minefield
2
Find the US States - No Outlines Minefield
3
Pick 6: Fruits
4
Alphabetical 'K' Countries by Flag Minefield
5
The Countries of the World
6
Find the US States
7
Find the Countries of Europe - No Outlines Minefield
8
US States
More Television Quizzes
Follow that Line: Heartstopper (Netflix) Pt. 2
Quiz Lab
Trending Quizzes
Pick 6: Mountains
Pick 6: Harry Potter
Pick 6: Flags
Pick 6: NFL Teams
Pick 6: Movie Franchises
Recently Updated
NWSL Teams
pecheneg
Women's Final Four Teams by Year
bhenderson79
Presidents Quartet II
eogle
Anything But Clue(do)
eogle
Anything But Oceanian Capitals
eogle
Anything But 7
eogle
Anything But Thing
eogle
Word Ladder: February 29
pecheneg
Song Title Questions
pecheneg
Women's NCAA Tournament #1 Seeds
pecheneg
Trending Topics
Harry Potter
NBA
Crossword
Marvel
Kpop
Anime
Disney
Song
Puzzle
The Office
Pokémon
NFL
Soccer
WWE
Country
Your Account Isn't Verified!
In order to create a playlist on Sporcle, you need to verify the email address you used during registration. Go to your
Sporcle Settings
to finish the process.
Report this User
Report this user for behavior that violates our
Community Guidelines
.
Details:
Send Report
Go to the Sporcle.com Mobile Site →
Comments